000
00287nam a2200109Ia 4500
008
200302s9999 xx 000 0 und d
100
_a
Von Gerhard Schwab
245
_a
Wohnen im Eigenen Haus Einfamilienhauser
260
_b
kari Kramer Verlag stuttgaart
260
_c
1977
300
_a
112 P.,
999
_c
811
_d
811